| 000 | 00418cam a2200181ua 4500 | ||
|---|---|---|---|
| 020 | _c7.00 | ||
| 041 |
_ahin _h |
||
| 082 |
_a891.54 _bGUR/VA |
||
| 100 | _aGurudath, . | ||
| 245 |
_aVam marg / _cGurudath. _hTextual Documents |
||
| 250 |
_a3 / _b. |
||
| 260 |
_aNewdelhi : _bBharathi sahithya sadan , _c1963. |
||
| 300 | _a428 ; . | ||
| 365 | _a7.00 | ||
| 504 | _a | ||
| 942 | _cBK | ||
| 999 |
_c8492 _d8492 |
||